书目信息 |
| 题名: |
数学思想方法及其教学示例
|
|
| 作者: | 肖柏荣、潘娉娇 著 | |
| 分册: | ||
| 出版信息: | 南京 江苏教育出版社 2000 |
|
| 页数: | 314页 | |
| 开本: | 20cm | |
| 丛书名: | ||
| 单 册: | ||
| 中图分类: | O1- 0 | |
| 科图分类: | ||
| 主题词: | 数学 | |
| 电子资源: | ||
| ISBN: | 7-5343-3773-9 | |
| 000 | 00587nam0 2200181 450 | |
| 001 | 0732828906 | |
| 005 | 20070903090708.90 | |
| 010 | @a7-5343-3773-9@d¥18.00 | |
| 100 | @a20070903d km y0chiy0120 ea | |
| 101 | 0 | @achi |
| 200 | 1 | @a数学思想方法及其教学示例@Ashu xue si xiang fang fa ji qi jiao xue shi li@f肖柏荣、潘娉娇著@Fxiao bai rong、pan ping jiao zhu |
| 210 | @a南京@c江苏教育出版社@d2000 | |
| 215 | @a314页@d20cm | |
| 606 | 0 | @a数学 |
| 690 | @aO1- 0@v3 | |
| 701 | 0 | @a肖柏荣、潘娉娇@Axiao bai rong、pan ping jiao@4著 |
| 801 | 0 | @aCN@bPFT@c20070903 |
| 905 | @a213230@dO1- 0@eS158@f1 | |
| 数学思想方法及其教学示例/肖柏荣、潘娉娇著.-南京:江苏教育出版社,2000 |
| 314页;20cm |
| ISBN 7-5343-3773-9:¥18.00 |
| ● |
| 相关链接 |
|
|
|
|
正题名:数学思想方法及其教学示例
索取号:O1- 0/S158
 
预约/预借
| 序号 | 登录号 | 条形码 | 馆藏地/架位号 | 状态 | 备注 |
| 1 | 6700243 | 267002432 | 密集书库-数信学院/ [索取号:O1- 0/S158] | 在馆 | |
| 2 | 6700244 | 267002441 | 密集书库-数信学院/ [索取号:O1- 0/S158] | 在馆 |